| 000 | 00579nam a22002057a 4500 | ||
|---|---|---|---|
| 999 |
_c3351 _d3351 |
||
| 001 | 4952 | ||
| 003 | BD-DhUAP | ||
| 005 | 20200303164630.0 | ||
| 008 | 200303s1997 nyu||||| |||| 00| 0 eng d | ||
| 020 | _a0021810117 | ||
| 020 | _a9780021810116 | ||
| 040 |
_aBD-DhAAL _dBD-DhUAP _bEng _cBD-DhUAP |
||
| 082 |
_223 _a808.8 SPO |
||
| 245 |
_aSpotlight on literature / _cCandy Dawson Boyd ... [et al.]. |
||
| 260 |
_aNew York : _bMacmillan/McGraw-Hill, _cc1997. |
||
| 300 |
_a775 pages : _billustrations ; _c29 cm |
||
| 650 |
_aLiterature. _919348 |
||
| 942 |
_2ddc _cBK |
||